110 Prozent Spitzenleistungen aus eigener Kraft

Gespeichert in:
Bibliographische Detailangaben
1. Verfasser: MacCormack, Mark H.
Format: Buch
Sprache:Deutsch
Veröffentlicht: Wiesbaden Gabler 1992
Ausgabe:1. Aufl.
Schlagworte:
Tags: Tag hinzufügen
Keine Tags, Fügen Sie das erste Tag hinzu!

MARC

LEADER 00000nam a2200000 4500
001 c005057
005 20221221075959.6
020 |a 3-409-19175-5 
041 0 |a ger 
044 |a DE 
245 1 0 |a 110 Prozent Spitzenleistungen aus eigener Kraft  |c Mark H. MacCormack 
250 |a 1. Aufl. 
264 1 |a Wiesbaden  |b Gabler  |c 1992 
300 |a 299 s. 
610 2 0 |a výkony pracovné 
610 2 0 |a pracovníci riadiaci 
610 2 0 |a podnik 
610 2 0 |a psychológia riadenia 
610 2 0 |a psychológia 
610 2 0 |a podnikanie 
610 2 0 |a úspech pracovný 
100 1 |a MacCormack, Mark H.